Manual de Preparación PSU Ciencias: módulo común obligatorio, Química

Saved in:
Bibliographic Details
Main Author: Guzmán Porras, Javier Andrés (Author)
Format: Book
Language:Spanish
Published: Santiago Ediciones Universidad Católica de Chile 2004
Edition:3a. ed
Series:PSU. Contenidos 2004-2006
Subjects:
Tags: Add Tag
No Tags, Be the first to tag this record!

MARC

LEADER 00000nam a2200000 a 4500
001 UCH6438
003 CL-VaPUC
008 091109e20040000CL |||||||||||||||||spa|d
020 |a 9561407736 
082 0 4 |a 540.712  |b GUZ  |2 21 
100 |a Guzmán Porras, Javier Andrés  |e author  |9 549284 
245 1 0 |a Manual de Preparación PSU Ciencias: módulo común obligatorio, Química 
250 |a 3a. ed 
300 |a 192 p 
942 |c BK 
945 |d 20091109 00:00:00  |a ccalabra 
260 |a Santiago  |b Ediciones Universidad Católica de Chile  |c 2004 
650 0 |a Educación  |9 258661 
650 7 |a PRUEBAS EDUCACIONALES  |2 CL-VaPUC  |9 415967 
650 0 |a Química  |9 259896 
650 7 |a QUIMICA - PROBLEMAS Y EJERCICIOS  |2 CL-VaPUC  |9 542946 
650 7 |a COMBINACION QUIMICA  |2 CL-VaPUC  |9 542947 
650 0 |a Ejercicios   |9 269807 
651 7 |a CHILE  |2 CL-VaPUC  |9 542948 
583 |a last modification  |c 20091109 00:00:00  |k Rodrigo Vera 
490 0 |a PSU. Contenidos 2004-2006 
999 |c 337321  |d 337319